World`s economic crisis and the way of eacape (Record no. 1526)

MARC details
000 -LEADER
fixed length control field 00691cam a2200241ua 4500
008 - FIXED-LENGTH DATA ELEMENTS--GENERAL INFORMATION
fixed length control field 110714n xxk |||gr||||Z||||||eng
040 ## - CATALOGING SOURCE
Transcribing agency MAIN
082 ## - DEWEY DECIMAL CLASSIFICATION NUMBER
Classification number 330.9
100 1# - MAIN ENTRY--PERSONAL NAME
Personal name Salter, Arthur,
Relator term
245 1# - TITLE STATEMENT
Title World`s economic crisis and the way of eacape
Statement of responsibility, etc. by Arthur Salter
250 ## - EDITION STATEMENT
Edition statement 3rd.
260 ## - PUBLICATION, DISTRIBUTION, ETC.
Place of publication, distribution, etc. London:
Name of publisher, distributor, etc. george allen & Unwin Ltd.,932.
300 ## - PHYSICAL DESCRIPTION
Extent 194p:9cm.
700 ## - ADDED ENTRY--PERSONAL NAME
Personal name Stamp, Josiah,
Relator term
700 ## - ADDED ENTRY--PERSONAL NAME
Personal name Keynes, Maynard,
Relator term
700 ## - ADDED ENTRY--PERSONAL NAME
Personal name Blackett, Basil,
Relator term
700 ## - ADDED ENTRY--PERSONAL NAME
Personal name Clay, Henry,
Relator term
700 ## - ADDED ENTRY--PERSONAL NAME
Personal name Beveridge, W. H.,
942 ## - ADDED ENTRY ELEMENTS (KOHA)
Koha item type Books
653 ## - INDEX TERM--UNCONTROLLED
Uncontrolled term Economics
653 ## - INDEX TERM--UNCONTROLLED
Uncontrolled term World`s economic crisis and the way of escape
Holdings
Withdrawn status Lost status Damaged status Not for loan Home library Current library Shelving location Date acquired Total Checkouts Full call number Barcode Date last seen Copy number Price effective from Koha item type
        Central Library, Naharkatiya College Central Library, Naharkatiya College General Stacks 19/09/2020   330.9 | BHA 2001 19/09/2020 1 19/09/2020 Books

Naharkatiya College © 2020. All rights reserved.

Powered By